000 00548nam a2200193 a 4500
001 1769935627294
003 YourLibrary
005 20260201143128.0
008 260201s1998##################000#0#eng##
020 _a9789052018065
082 0 4 _a332.4566094
_bPOC
100 1 _aPochet, Philippe,
_eauthor.
245 1 0 _aSocial Challenges of Economic and Monetary Union :
260 _bPeter Lang Pub Incorporated,
_c1998.
300 _a171 pages
650 0 _aBusiness & Economics.
942 _cENGLISH
040 _aYourLibrary
_beng
_cYourLibrary
999 _c609660
_d609660